000 00768nam a2200265 a 4500
001 3298510
003 ARRUPE
005 20141202144424.0
008 830411s1984 maua b 001 0 eng
010 _a 83081026
020 _a0395343186
040 _aDLC
_cDLC
_dDLC
050 0 0 _aHF5667
_b.C59 1984
082 0 0 _a657/.45
_219
100 1 _aCook, John William,
_d1929-
_912994
245 1 0 _aAuditing /
_cJohn W. Cook, Gary M. Winkle.
250 _a3rd ed.
260 _aBoston :
_bHoughton Mifflin,
_cc1984.
300 _axiv, 584 p. :
_bill. ;
_c25 cm.
504 _aIncludes bibliographies and index.
650 0 _aAuditing.
_912987
700 1 _aWinkle, Gary M.
_912995
906 _a7
_bcbc
_corignew
_d3
_eopcn
_f19
_gy-gencatlg
942 _2lcc
_cMONOGRAPH
999 _c121366
_d121366